[Event "3rd Sharjah Masters 2019"]
[Site "Sharjah UAE"]
[Date "2019.03.25"]
[Round "4.46"]
[White "Blagojevic, Tijana"]
[Black "Akshat, Khamparia"]
[Result "0-1"]
[WhiteTitle "WIM"]
[BlackTitle "IM"]
[WhiteElo "2206"]
[BlackElo "2415"]
[WhiteFideId "16500270"]
[BlackFideId "5016541"]
[EventDate "2019.03.22"]

1. e4 c5 2. Nf3 d6 3. Bb5+ Nd7 4. O-O a6 5. Bd3 Ngf6 6. Re1 g6 7. a4 b6 8. c3
Bg7 9. Bc2 Bb7 10. d4 cxd4 11. cxd4 e5 12. Nc3 O-O 13. dxe5 dxe5 14. Be3 Qe7 15.
Nd2 Rfc8 16. h3 Qb4 17. Qb1 Bf8 18. Rd1 Qe7 19. Bb3 Nc5 20. Bc4 Kg7 21. Bg5 h6
22. Nd5 Bxd5 23. Bxf6+ Qxf6 24. Bxd5 Rab8 25. Ra3 Ne6 26. Bxe6 Qxe6 27. Rd3 b5
28. axb5 Rxb5 29. b3 Rcb8 30. Qa2 Bc5 31. Rc1 Bd4 32. Rc4 Qb6 33. Rf3 Ra5 34.
Qc2 Rc5 35. g3 Rbc8 36. Kg2 R8c7 37. Qd3 Rxc4 38. Nxc4 Qb4 39. Ne3 Rc6 40. Nd5
Qe1 41. Ne3 Rc1 42. Nf1 Qa5 43. g4 Qa2 44. Kg3 Qa1 45. Kg2 Qa2 46. Kg3 Rc2 47.
Ne3 Rc3 48. Qd1 Kg8 49. Nd5 Qxf2# 0-1

[Event "3rd Sharjah Masters 2019"]
[Site "Sharjah UAE"]
[Date "2019.03.25"]
[Round "4.47"]
[White "Sundararajan, Kidambi"]
[Black "Bommini, Mounika Akshaya"]
[Result "1-0"]
[WhiteTitle "GM"]
[BlackTitle "WFM"]
[WhiteElo "2413"]
[BlackElo "2076"]
[WhiteFideId "5005370"]
[BlackFideId "25019872"]
[EventDate "2019.03.22"]

1. c4 e5 2. Nc3 Nf6 3. e3 Bb4 4. Nge2 Nc6 5. a3 Bxc3 6. Nxc3 O-O 7. Be2 d5 8.
cxd5 Nxd5 9. O-O Be6 10. Qc2 f5 11. b4 Nce7 12. Bb2 Ng6 13. Rac1 c6 14. Nxd5
Bxd5 15. f3 Qd7 16. Rf2 Rac8 17. Rcf1 b6 18. Bc3 Rc7 19. a4 Rb8 20. e4 Be6 21.
Qb2 Qd6 22. d4 exd4 23. Bxd4 Rd8 24. Bc3 Rcd7 25. exf5 Bxf5 26. Bc4+ Kh8 27. Re1
h5 28. g3 Kh7 29. Qc1 Ne7 30. g4 hxg4 31. Qg5 Qh6 32. Qxh6+ Kxh6 33. fxg4 Bg6
34. Re3 Nc8 35. g5+ Kxg5 36. Be5 Rd1+ 37. Kg2 Bb1 38. Bxg7 Kg6 39. Bc3 R8d6 40.
Be6 Ne7 41. Rf6+ Kh7 42. Rf7+ Kg6 43. Rg7+ 1-0

[Event "3rd Sharjah Masters 2019"]
[Site "Sharjah UAE"]
[Date "2019.03.26"]
[Round "5.4"]
[White "Gupta, Abhijeet"]
[Black "Sargissian, Gabriel"]
[Result "1-0"]
[WhiteTitle "GM"]
[BlackTitle "GM"]
[WhiteElo "2602"]
[BlackElo "2689"]
[WhiteFideId "5010608"]
[BlackFideId "13300881"]
[EventDate "2019.03.22"]

1. d4 d5 2. c4 e6 3. Nf3 Nf6 4. g3 Bb4+ 5. Bd2 Be7 6. Bg2 O-O 7. O-O c6 8. Qc2
Nbd7 9. Rd1 b6 10. Bf4 Ba6 11. Ne5 Rc8 12. cxd5 Nxd5 13. Nc3 Nxe5 14. Bxe5 Nxc3
15. bxc3 Bc4 16. Be4 h6 17. Bh7+ Kh8 18. Bd3 Bxd3 19. Rxd3 b5 20. c4 Kg8 21. a4
bxc4 22. Qxc4 a5 23. Rc1 Bb4 24. Bf4 Qb6 25. e4 Rfd8 26. Be3 Qb7 27. Rdd1 Ba3
28. Rb1 Bb4 29. h4 Qd7 30. Kg2 Kh8 31. Rbc1 f5 32. exf5 exf5 33. Qe2 Qd5+ 34.
Qf3 Kg8 35. Rc2 Qxf3+ 36. Kxf3 Kf7 37. h5 Ke6 38. Rdc1 Kd7 39. d5 cxd5 40. Rxc8
Rxc8 41. Rxc8 Kxc8 42. Bd4 Kd7 43. Bxg7 Bd2 44. Ke2 Bc1 45. Bc3 1-0

[Event "3rd Sharjah Masters 2019"]
[Site "Sharjah UAE"]
[Date "2019.03.26"]
[Round "5.5"]
[White "Kryvoruchko, Yuriy"]
[Black "Adly, Ahmed"]
[Result "1/2-1/2"]
[WhiteTitle "GM"]
[BlackTitle "GM"]
[WhiteElo "2680"]
[BlackElo "2611"]
[WhiteFideId "14109182"]
[BlackFideId "10601619"]
[EventDate "2019.03.22"]

1. e4 c5 2. Nf3 d6 3. d4 cxd4 4. Nxd4 Nf6 5. Nc3 a6 6. f3 e5 7. Nb3 Be6 8. Be3
h5 9. Qd2 Nbd7 10. Nd5 Bxd5 11. exd5 g6 12. O-O-O Qc7 13. Kb1 Rc8 14. c4 b6 15.
Be2 Bg7 16. Rhf1 O-O 17. h3 Nc5 18. g4 Rfe8 19. Rc1 Qd7 20. Bg5 Nh7 21. Bh6 Nf6
22. Nxc5 bxc5 23. Bxg7 Kxg7 24. Bd3 Qd8 25. Rce1 h4 26. Rg1 Rb8 27. Re2 Re7 28.
Qc3 1/2-1/2

[Event "3rd Sharjah Masters 2019"]
[Site "Sharjah UAE"]
[Date "2019.03.26"]
[Round "5.6"]
[White "Chanda, Sandipan"]
[Black "Maghsoodloo, Parham"]
[Result "0-1"]
[WhiteTitle "GM"]
[BlackTitle "GM"]
[WhiteElo "2534"]
[BlackElo "2673"]
[WhiteFideId "5004225"]
[BlackFideId "12539929"]
[EventDate "2019.03.22"]

1. e4 c5 2. Nf3 Nc6 3. d4 cxd4 4. Nxd4 Nf6 5. Nc3 d6 6. Bg5 e6 7. Bb5 Bd7 8. Qd3
h6 9. Bh4 Be7 10. O-O-O O-O 11. Bxc6 Bxc6 12. f4 Rc8 13. Rhe1 a6 14. Nxc6 Rxc6
15. e5 Ne8 16. Bxe7 Qxe7 17. Kb1 b5 18. Ne4 d5 19. Ng3 b4 20. Ne2 Nc7 21. Nd4
Rc4 22. f5 Nb5 23. Qg3 Qg5 24. Qxg5 hxg5 25. Nf3 g4 26. Ng5 exf5 27. Rxd5 Re8
28. Red1 Rc7 29. Rd8 Re7 30. a4 bxa3 31. c4 Nc7 32. R1d7 Rxd7 33. Rxd7 Ne6 34.
Nxe6 Rxe6 35. c5 axb2 36. Kxb2 Rxe5 37. c6 Rc5 38. c7 Kh7 39. Rxf7 Kg6 40. Rd7
Kf6 41. g3 g5 42. Kb3 a5 43. Ka4 f4 44. gxf4 gxf4 45. Rd6+ Ke5 46. Rd7 f3 47.
Rg7 Kf4 48. Rf7+ Ke3 49. Re7+ Kf2 50. Rg7 Ke2 0-1

[Event "3rd Sharjah Masters 2019"]
[Site "Sharjah UAE"]
[Date "2019.03.26"]
[Round "5.8"]
[White "Sjugirov, Sanan"]
[Black "Nguyen, Anh Khoi"]
[Result "1/2-1/2"]
[WhiteTitle "GM"]
[BlackTitle "IM"]
[WhiteElo "2667"]
[BlackElo "2484"]
[WhiteFideId "4189302"]
[BlackFideId "12404675"]
[EventDate "2019.03.22"]

1. d4 Nf6 2. c4 e6 3. Nf3 b6 4. g3 Bb7 5. Bg2 Be7 6. O-O O-O 7. Nc3 Ne4 8. Bd2
Bf6 9. Re1 c5 10. d5 Bxc3 11. Bxc3 d6 12. Qd3 Nxc3 13. Qxc3 exd5 14. cxd5 Bxd5
15. Qd3 Bc6 16. Rad1 d5 17. Ne5 Qf6 18. Nxc6 Nxc6 19. Qxd5 Nd4 1/2-1/2

[Event "3rd Sharjah Masters 2019"]
[Site "Sharjah UAE"]
[Date "2019.03.26"]
[Round "5.9"]
[White "Aditya, Mittal"]
[Black "Pichot, Alan"]
[Result "1/2-1/2"]
[WhiteTitle "CM"]
[BlackTitle "GM"]
[WhiteElo "2454"]
[BlackElo "2584"]
[WhiteFideId "35042025"]
[BlackFideId "110973"]
[EventDate "2019.03.22"]

1. d4 Nf6 2. c4 c5 3. d5 e6 4. Nc3 exd5 5. cxd5 d6 6. e4 g6 7. h3 Bg7 8. Nf3 O-O
9. Bd3 b5 10. Bxb5 Nxe4 11. Nxe4 Qa5+ 12. Nfd2 Qxb5 13. Nxd6 Qa6 14. N2c4 Nd7
15. O-O Ne5 16. Nxe5 Qxd6 17. Nc4 Qa6 18. Ne3 Rb8 19. Qc2 Bd4 20. a4 f5 21. Qd2
f4 22. Nc2 Bg7 23. Ne1 Rb3 24. Ra3 Rxa3 25. bxa3 Qxa4 26. Nf3 Qb3 27. d6 Bxh3
28. d7 Rd8 29. gxh3 Qxf3 30. Qa2+ Kf8 31. Qe6 Bd4 32. Kh2 a6 33. Bd2 Qb7 34.
Bxf4 Rxd7 35. Bh6+ Bg7 36. Re1 Qb8+ 37. Kg1 Qd8 38. Be3 Bd4 39. Bh6+ Bg7 1/2-1/2

[Event "3rd Sharjah Masters 2019"]
[Site "Sharjah UAE"]
[Date "2019.03.26"]
[Round "5.10"]
[White "Nihal, Sarin"]
[Black "Tokhirjonova, Gulrukhbegim"]
[Result "1-0"]
[WhiteTitle "GM"]
[BlackTitle "WGM"]
[WhiteElo "2578"]
[BlackElo "2434"]
[WhiteFideId "25092340"]
[BlackFideId "14203626"]
[EventDate "2019.03.22"]

1. e4 e5 2. Nf3 Nc6 3. Bb5 a6 4. Ba4 Nf6 5. O-O Be7 6. Re1 b5 7. Bb3 O-O 8. c3
d6 9. h3 Nb8 10. d4 Nbd7 11. c4 exd4 12. Nxd4 Bb7 13. Nc3 c5 14. Nf5 Ne5 15.
cxb5 axb5 16. Nxb5 Nxe4 17. f3 Bc6 18. Rxe4 Bxb5 19. Bf4 Qc7 20. Qd2 c4 21.
Nxe7+ Qxe7 22. Bxc4 Nxc4 23. Rxe7 Nxd2 24. Bxd2 d5 25. Rb7 Ba6 26. Rd7 Bc4 27.
a3 Rfe8 28. Re1 Rxe1+ 29. Bxe1 h5 30. Bc3 Bb3 31. Rb7 Bc4 32. h4 Rd8 33. Rb4 f6
34. a4 Rd7 35. a5 Kf7 36. b3 Bd3 37. Kf2 Rc7 38. Ke3 Bf1 39. Kd4 Ke7 40. Rb6 Kd7
41. g3 Rc6 42. Rb8 g5 43. hxg5 fxg5 44. Rh8 Rf6 45. Ke3 Re6+ 46. Kd4 Rf6 47.
Rh7+ Kc6 48. Ke3 Re6+ 49. Kd2 Re2+ 50. Kc1 Re3 51. Kb2 Rxf3 52. Rxh5 Rxg3 53.
Rh6+ Kb7 54. Bd4 Rg4 55. Kc3 Re4 56. b4 g4 57. b5 Bxb5 58. Rb6+ Kc7 59. Rxb5 Kc6
60. Rb6+ Kc7 61. Rg6 Re1 62. a6 Ra1 63. a7 g3 64. Kb3 1-0

[Event "3rd Sharjah Masters 2019"]
[Site "Sharjah UAE"]
[Date "2019.03.26"]
[Round "5.11"]
[White "Laxman, R.R."]
[Black "Yakubboev, Nodirbek"]
[Result "0-1"]
[WhiteTitle "GM"]
[BlackTitle "IM"]
[WhiteElo "2425"]
[BlackElo "2569"]
[WhiteFideId "5005361"]
[BlackFideId "14203987"]
[EventDate "2019.03.22"]

1. d4 Nf6 2. Nf3 e6 3. c4 d5 4. g3 Bb4+ 5. Bd2 Be7 6. Bg2 O-O 7. O-O Nbd7 8. Qc2
c6 9. a4 a5 10. b3 b6 11. Bc3 Ne4 12. Bb2 Bb7 13. Nbd2 f5 14. Rad1 Bb4 15. Nxe4
fxe4 16. Ne5 Nxe5 17. dxe5 Qe7 18. f3 exf3 19. exf3 dxc4 20. bxc4 b5 21. cxb5
cxb5 22. axb5 a4 23. f4 Rfc8 24. Bc6 Bxc6 25. bxc6 Bc5+ 26. Bd4 Rxc6 27. Bxc5
Rxc5 28. Qe4 Rcc8 29. Rd6 a3 30. Kg2 Qc7 31. Kh3 a2 32. Ra1 Qc3 33. Qd4 Qxd4 34.
Rxd4 Rc2 35. Rb4 h6 36. Rb3 Ra4 37. Rb7 Kh7 38. Rb6 Rd2 39. Rb7 Kg6 40. Rb6 Kf5
41. Rb7 Kg6 42. Rb6 Kh7 43. Rb7 Rc2 44. Rb6 h5 45. Kh4 Rxh2+ 46. Kg5 Ra3 47. g4
Rg3 48. Rxe6 Rxg4+ 49. Kf5 Rf2 50. Rd6 Rgxf4+ 51. Kg5 Rf5+ 0-1

[Event "3rd Sharjah Masters 2019"]
[Site "Sharjah UAE"]
[Date "2019.03.26"]
[Round "5.14"]
[White "Zaibi, Amir"]
[Black "Deepan, Chakkravarthy J."]
[Result "0-1"]
[WhiteTitle "IM"]
[BlackTitle "GM"]
[WhiteElo "2386"]
[BlackElo "2534"]
[WhiteFideId "5500796"]
[BlackFideId "5011132"]
[EventDate "2019.03.22"]

1. c4 Nf6 2. Nc3 g6 3. g3 Bg7 4. Bg2 O-O 5. d4 c5 6. dxc5 Na6 7. Nh3 Nxc5 8. O-O
d6 9. Nf4 Rb8 10. Qc2 a6 11. Rd1 b5 12. e4 bxc4 13. Qe2 Ng4 14. Qxc4 a5 15. Qe2
Ne5 16. a4 Ba6 17. Nb5 Nxa4 18. Rxa4 Bxb5 19. Qc2 Bxa4 20. Qxa4 e6 21. Bd2 Rxb2
22. Bc3 Nf3+ 23. Bxf3 Bxc3 24. e5 Qb6 25. Nd3 Rb1 26. exd6 Rxd1+ 27. Qxd1 Qxd6
28. Qc2 Bg7 29. Kg2 a4 30. Nf4 a3 31. Qa4 Rb8 32. h4 Qb4 33. Qa6 Qb3 34. Be2
Qb7+ 0-1

[Event "3rd Sharjah Masters 2019"]
[Site "Sharjah UAE"]
[Date "2019.03.26"]
[Round "5.15"]
[White "Dhulipalla, Bala Chandra Prasad"]
[Black "Vishnu Prasanna, V"]
[Result "1/2-1/2"]
[WhiteTitle "IM"]
[BlackTitle "GM"]
[WhiteElo "2384"]
[BlackElo "2524"]
[WhiteFideId "25005812"]
[BlackFideId "5030692"]
[EventDate "2019.03.22"]

1. d4 Nf6 2. c4 e6 3. g3 d5 4. Nf3 Bb4+ 5. Bd2 Bd6 6. Nc3 O-O 7. Bg5 c6 8. Bg2
h6 9. Bxf6 Qxf6 10. c5 Bc7 11. e4 Qd8 12. O-O Nd7 13. Re1 Ba5 14. Qa4 b5 15. Qb3
b4 16. Nb1 Ba6 17. Nbd2 Bb5 18. exd5 exd5 19. Bf1 a6 20. Re3 Re8 21. Rxe8+ Qxe8
22. Re1 Qd8 23. Bh3 Nf8 24. Qe3 Bc7 25. Qe7 Ng6 26. Qxd8+ Rxd8 27. Bf1 Nf8 28.
Bh3 Ng6 29. Bf1 Kf8 30. Bxb5 axb5 31. Nb3 Ra8 32. Nc1 Ne7 33. Kf1 Nf5 34. Ke2
Bd8 35. Kd3 Bf6 36. Ne5 Bxe5 37. Rxe5 g6 38. g4 Ng7 39. f4 f6 40. Re2 Kf7 41.
Rf2 h5 42. h3 hxg4 43. hxg4 Rh8 44. Kd2 Rh4 45. Nd3 Ne6 46. Nxb4 Nxd4 47. Ke3
Ne6 48. Nxc6 Rxg4 49. b4 Rh4 50. Nd4 Rh3+ 51. Rf3 Rh2 52. Nxb5 1/2-1/2

[Event "3rd Sharjah Masters 2019"]
[Site "Sharjah UAE"]
[Date "2019.03.26"]
[Round "5.16"]
[White "Vokhidov, Shamsiddin"]
[Black "Shailesh, Dravid"]
[Result "1-0"]
[WhiteTitle "IM"]
[BlackTitle "FM"]
[WhiteElo "2494"]
[BlackElo "2316"]
[WhiteFideId "14204223"]
[BlackFideId "25017969"]
[EventDate "2019.03.22"]

1. e4 c5 2. Nc3 Nc6 3. Nf3 e5 4. Bc4 Be7 5. d3 Nf6 6. Ng5 O-O 7. f4 exf4 8. Bxf4
d6 9. O-O h6 10. Nf3 Be6 11. Nd5 Na5 12. b3 Nxd5 13. Bxd5 Nc6 14. c4 Bf6 15. Rb1
Qd7 16. Kh1 Rfe8 17. Bxc6 Qxc6 18. b4 a6 19. a4 Rad8 20. Be3 Bc3 21. b5 axb5 22.
Rxb5 Bd7 23. Qc1 Bb4 24. a5 Qc8 25. Rxb4 cxb4 26. Bb6 Ba4 27. Qa1 Bc2 28. Ne1
Bxd3 29. Nxd3 Qxc4 30. Nb2 Qxe4 31. Bxd8 Rxd8 32. Qb1 d5 33. Nd3 d4 34. Nxb4 d3
35. Rd1 Qf5 36. Nxd3 Qxa5 37. Qxb7 Qc3 38. Qb1 g6 39. h3 h5 40. Nf2 Re8 41. Rf1
Qd4 42. Nd3 Re3 43. Nf4 Qd6 44. Qb7 Qf6 45. Qc8+ Kh7 46. Qc4 Qf5 47. Nxh5 1-0

[Event "3rd Sharjah Masters 2019"]
[Site "Sharjah UAE"]
[Date "2019.03.26"]
[Round "5.18"]
[White "Praveen, Kumar C"]
[Black "Vignesh, N R"]
[Result "0-1"]
[WhiteTitle "IM"]
[BlackTitle "IM"]
[WhiteElo "2243"]
[BlackElo "2476"]
[WhiteFideId "5007372"]
[BlackFideId "25012215"]
[EventDate "2019.03.22"]

1. d4 Nf6 2. c4 e6 3. Nc3 Bb4 4. f3 d5 5. a3 Bxc3+ 6. bxc3 O-O 7. cxd5 exd5 8.
e3 Bf5 9. Ne2 h5 10. Ng3 Bh7 11. Bd3 Bxd3 12. Qxd3 Re8 13. O-O c5 14. Rb1 b6 15.
e4 c4 16. Qd1 h4 17. Nf5 dxe4 18. fxe4 Rxe4 19. Bg5 Nbd7 20. Qf3 Qf8 21. Bxh4
Rae8 22. Rb5 g6 23. Bxf6 Nxf6 24. Ng3 R4e6 25. a4 Ne4 26. Nxe4 Rxe4 27. Rg5 Qe7
28. Rg3 Re1 29. h3 Kg7 30. Rxe1 Qxe1+ 31. Kh2 Qc1 32. Rg4 Re1 33. Rf4 f5 34.
Qb7+ Kh6 35. Qf3 Rh1+ 36. Kg3 Qe1+ 37. Qf2 Qxc3+ 38. Rf3 Qc1 39. Rf4 c3 40. Qe2
Qe1+ 41. Rf2 Qxe2 42. Rxe2 Rd1 0-1

[Event "3rd Sharjah Masters 2019"]
[Site "Sharjah UAE"]
[Date "2019.03.26"]
[Round "5.19"]
[White "Sadhwani, Raunak"]
[Black "Pranav, V"]
[Result "1-0"]
[WhiteTitle "IM"]
[WhiteElo "2455"]
[BlackElo "2258"]
[WhiteFideId "35093487"]
[BlackFideId "25060783"]
[EventDate "2019.03.22"]

1. e4 e5 2. Nc3 Nf6 3. g3 c6 4. d4 exd4 5. Qxd4 d5 6. Bf4 Be6 7. exd5 cxd5 8.
Bxb8 Rxb8 9. Bb5+ Bd7 10. Bxd7+ Qxd7 11. O-O-O Rd8 12. Nge2 Be7 13. Nf4 O-O 14.
Nfxd5 Nxd5 15. Nxd5 Bd6 16. Rd2 Qe6 17. Rhd1 b6 18. Qe3 Be5 19. Kb1 Rde8 20. h4
h6 21. a3 Qg4 22. Qb3 Bb8 23. Ne3 Qf3 24. Qd5 Qf6 25. Qf5 Qc6 26. Qg4 Be5 27.
Nd5 Qe6 28. Qxe6 Rxe6 29. c3 g6 30. Kc2 Rc8 31. Re2 Kg7 32. Rde1 Rce8 33. Re3 g5
34. hxg5 hxg5 35. a4 g4 36. b4 Kg6 37. Kb3 Kf5 38. Rd3 Kg5 39. c4 Rc8 40. Rde3
f6 41. Rh1 Rec6 42. Re4 Kf5 43. Ree1 Kg5 44. Rc1 Rd8 45. Rcd1 Rcd6 46. Rh7 a5
47. b5 Kf5 48. Rg7 Ke4 49. Rxg4+ Kf3 50. Rg7 Kxf2 51. Rd2+ Ke1 52. Rh2 Rxd5 53.
cxd5 Rxd5 54. Rb7 Rd3+ 55. Ka2 Rxg3 56. Rxb6 Rg4 57. Rh3 Kd2 58. Ka3 Rd4 59. Rc6
Bd6+ 60. Kb2 Rb4+ 61. Rb3 Be5+ 62. Ka3 Rh4 63. b6 Rh1 64. Rb5 Kd3 65. Rxa5 Ra1+
66. Kb4 Rb1+ 67. Kc5 Ke4 68. Re6 Rc1+ 69. Kb5 Kd5 70. Re8 Rb1+ 71. Ka6+ Kc6 72.
Rb5 Ra1 73. a5 Bf4 74. b7 Bd2 75. Rc8+ Kd7 76. b8=Q Rc1 77. Rd5+ Ke7 78. Qb7+
Ke6 79. Qd7# 1-0

[Event "3rd Sharjah Masters 2019"]
[Site "Sharjah UAE"]
[Date "2019.03.26"]
[Round "5.20"]
[White "Matlakov, Maxim"]
[Black "Shyaamnikhil, P"]
[Result "1-0"]
[WhiteTitle "GM"]
[BlackTitle "IM"]
[WhiteElo "2692"]
[BlackElo "2429"]
[WhiteFideId "4168003"]
[BlackFideId "5024218"]
[EventDate "2019.03.22"]

1. c4 c5 2. Nf3 g6 3. d4 Bg7 4. e4 Nc6 5. dxc5 Qa5+ 6. Bd2 Qxc5 7. Nc3 Nf6 8.
Be2 Qb6 9. O-O d6 10. h3 O-O 11. b3 Qd8 12. Rc1 b6 13. Re1 Bb7 14. Bf1 Nd7 15.
Bg5 h6 16. Be3 Nc5 17. Qd2 Kh7 18. Bf4 e5 19. Be3 f5 20. exf5 gxf5 21. Red1 Ne4
22. Nxe4 fxe4 23. Qc2 Nb4 24. Qb1 Nd3 25. Nd2 Nxc1 26. Nxe4 Kh8 27. Nxd6 Qc7 28.
Qxc1 Bc6 29. c5 Rf6 30. b4 Rb8 31. cxb6 axb6 32. b5 Rxd6 33. Rxd6 Qxd6 34. bxc6
Qc7 35. Bxh6 1-0

[Event "3rd Sharjah Masters 2019"]
[Site "Sharjah UAE"]
[Date "2019.03.26"]
[Round "5.21"]
[White "Akshat, Khamparia"]
[Black "Mareco, Sandro"]
[Result "0-1"]
[WhiteTitle "IM"]
[BlackTitle "GM"]
[WhiteElo "2415"]
[BlackElo "2666"]
[WhiteFideId "5016541"]
[BlackFideId "112275"]
[EventDate "2019.03.22"]

1. d4 Nf6 2. c4 g6 3. Nc3 d5 4. Qb3 dxc4 5. Qxc4 Bg7 6. e4 O-O 7. Nf3 Be6 8. d5
Bc8 9. Bf4 c6 10. Rd1 cxd5 11. exd5 Na6 12. Be2 Bf5 13. O-O Rc8 14. Qb3 Nc5 15.
Qa3 Nfe4 16. Nxe4 Bxe4 17. d6 e6 18. d7 Nxd7 19. Bb5 Bd5 20. Qxa7 Bxb2 21. Qe3
Nf6 22. a4 Ng4 23. Qe2 Bg7 24. h3 Nf6 25. Ne5 Ne4 26. Rc1 g5 27. Bh2 Nc3 28. Qe3
Nxb5 29. axb5 Qe7 30. b6 f5 31. f4 Qb4 32. Rc7 Bxe5 33. fxe5 f4 34. Bxf4 Qb2 35.
Rf2 gxf4 36. Qxf4 Qxf2+ 0-1

[Event "3rd Sharjah Masters 2019"]
[Site "Sharjah UAE"]
[Date "2019.03.26"]
[Round "5.22"]
[White "Ganguly, Surya Shekhar"]
[Black "Dimakiling, Oliver"]
[Result "1-0"]
[WhiteTitle "GM"]
[BlackTitle "IM"]
[WhiteElo "2633"]
[BlackElo "2423"]
[WhiteFideId "5002150"]
[BlackFideId "5202248"]
[EventDate "2019.03.22"]

1. e4 e5 2. Nf3 Nc6 3. Bc4 Bc5 4. c3 Nf6 5. d3 a6 6. a4 O-O 7. O-O h6 8. Re1 Ba7
9. h3 d6 10. Nbd2 Ne7 11. Nf1 c6 12. Bb3 Ng6 13. d4 Re8 14. Ng3 Be6 15. Bc2 a5
16. Be3 Qc7 17. Bd3 Rad8 18. Qc2 Bb8 19. Rad1 Qc8 20. c4 exd4 21. Nxd4 Nh4 22.
Nxe6 Rxe6 23. f4 Rde8 24. Qf2 Qd8 25. Bb6 Qe7 26. Bxa5 b6 27. Bc3 b5 28. cxb5
cxb5 29. Bxb5 Rc8 30. Bd4 Qb7 31. Kh1 g5 32. fxg5 Nh7 33. Nf5 Nxf5 34. exf5
Rxe1+ 35. Rxe1 Nxg5 1-0

[Event "3rd Sharjah Masters 2019"]
[Site "Sharjah UAE"]
[Date "2019.03.26"]
[Round "5.25"]
[White "Megaranto, Susanto"]
[Black "Sundararajan, Kidambi"]
[Result "1/2-1/2"]
[WhiteTitle "GM"]
[BlackTitle "GM"]
[WhiteElo "2526"]
[BlackElo "2413"]
[WhiteFideId "7101384"]
[BlackFideId "5005370"]
[EventDate "2019.03.22"]

1. d4 Nf6 2. Nf3 d6 3. Bg5 Nbd7 4. e3 h6 5. Bh4 g5 6. Bg3 Bg7 7. Nbd2 Nh5 8. Bd3
e6 9. Ng1 Ndf6 10. c3 Qe7 11. Ne2 Nxg3 12. Nxg3 h5 13. h4 g4 14. Qb3 a6 15. a4
b6 16. a5 b5 17. c4 bxc4 18. Bxc4 d5 19. Be2 c5 20. dxc5 Qxc5 21. O-O O-O 22.
Rfc1 Qd6 23. Qd3 Rd8 24. Nb3 Bd7 25. Nc5 Bb5 26. Qd2 Rab8 27. b4 Qe5 28. Bxb5
Rxb5 29. Nxa6 Ne4 30. Qd3 Nxg3 31. Qxb5 Nf5 32. Nc5 g3 33. Qe2 d4 34. e4 gxf2+
35. Qxf2 Bh6 36. Re1 Be3 37. Rxe3 dxe3 38. Qe1 Nxh4 39. Rd1 Nf3+ 40. gxf3 Rxd1
41. Qxd1 Qg3+ 42. Kh1 Qh3+ 43. Kg1 Qg3+ 44. Kh1 Qh3+ 45. Kg1 Qg3+ 46. Kh1 Qh3+ 1/2-1/2

[Event "3rd Sharjah Masters 2019"]
[Site "Sharjah UAE"]
[Date "2019.03.26"]
[Round "5.26"]
[White "Kuybokarov, Temur"]
[Black "Nitin, S."]
[Result "1-0"]
[WhiteTitle "GM"]
[BlackTitle "IM"]
[WhiteElo "2519"]
[BlackElo "2408"]
[WhiteFideId "14203049"]
[BlackFideId "5018277"]
[EventDate "2019.03.22"]

1. d4 Nf6 2. c4 g6 3. Nc3 Bg7 4. e4 d6 5. Nf3 O-O 6. Be2 e5 7. O-O Nc6 8. d5 Ne7
9. b4 Nh5 10. Re1 a5 11. bxa5 Rxa5 12. a4 c5 13. Bd2 h6 14. Ra3 Ra6 15. g3 Nf6
16. Qc1 Kh7 17. Qc2 Ne8 18. Rb1 Kg8 19. Rb5 f5 20. a5 Nf6 21. exf5 gxf5 22. h3
Ng6 23. Ne1 Qc7 24. Qb1 Qf7 25. Rb6 Nd7 26. Rxa6 bxa6 27. Ng2 Nf6 28. Rb3 h5 29.
f4 Qe7 30. Bd3 Nh7 31. Qd1 h4 32. Qh5 e4 33. Be2 Bd4+ 34. Kh1 Qg7 35. gxh4 Bf2
36. Bf1 Nxh4 37. Nd1 Nxg2 38. Nxf2 e3 39. Bxe3 Nf6 40. Qg5 Nxe3 41. Rxe3 Re8 42.
Rxe8+ Nxe8 43. Bd3 Nf6 44. Nd1 Qxg5 45. fxg5 Nh5 46. Nf2 Kg7 47. Kg2 Bd7 48. Kf3
Kg6 49. h4 Ba4 50. Nh3 Bd1+ 51. Ke3 Bg4 52. Nf4+ Nxf4 53. Kxf4 Kh5 54. Bxf5 Be2
55. Be4 Bxc4 56. Kf5 Be2 57. g6 1-0

[Event "3rd Sharjah Masters 2019"]
[Site "Sharjah UAE"]
[Date "2019.03.26"]
[Round "5.27"]
[White "Assaubayeva, Bibisara"]
[Black "Venkatesh, M.R."]
[Result "0-1"]
[WhiteTitle "FM"]
[BlackTitle "GM"]
[WhiteElo "2376"]
[BlackElo "2517"]
[WhiteFideId "13708694"]
[BlackFideId "5005779"]
[EventDate "2019.03.22"]

1. d4 Nf6 2. Nf3 b5 3. Na3 a6 4. c4 b4 5. Nc2 e6 6. a3 bxa3 7. bxa3 Bb7 8. g3 d6
9. Bg2 Nbd7 10. O-O Be7 11. Nd2 Bxg2 12. Kxg2 Nb6 13. e4 Qd7 14. Ne3 O-O 15. a4
a5 16. Bb2 Qc6 17. f3 Rfb8 18. d5 Qc5 19. Qe2 Nbxd5 20. exd5 Rxb2 21. dxe6 fxe6
22. Qd3 Rab8 23. Nd1 R8b3 24. Qxb3 Rxb3 25. Nxb3 Qxc4 26. Nd2 Qd4 27. Ra2 d5 28.
Nf2 Bb4 29. Rd1 c5 30. Rc2 Qe3 31. Nf1 Qb3 32. Re2 d4 33. Rd3 Qc4 34. Nd2 Qd5
35. Nb3 e5 36. Nc1 c4 37. Rd1 Nd7 38. Ne4 Qc6 39. Ra2 Nf6 40. Nxf6+ gxf6 41. Kf2
Kf7 0-1

[Event "3rd Sharjah Masters 2019"]
[Site "Sharjah UAE"]
[Date "2019.03.26"]
[Round "5.29"]
[White "Pranav, Anand"]
[Black "Sindarov, Javokhir"]
[Result "0-1"]
[WhiteTitle "FM"]
[BlackTitle "GM"]
[WhiteElo "2359"]
[BlackElo "2505"]
[WhiteFideId "46626786"]
[BlackFideId "14205483"]
[EventDate "2019.03.22"]

1. e4 d6 2. d4 Nf6 3. Nc3 Nbd7 4. Nf3 e5 5. Bc4 Be7 6. a4 O-O 7. O-O c6 8. h3
Qc7 9. Re1 b6 10. Be3 a6 11. Ba2 Rb8 12. Rb1 b5 13. axb5 axb5 14. b4 Nb6 15. Qd3
Bd7 16. Nd2 Rbd8 17. Ne2 c5 18. c3 Ra8 19. dxc5 dxc5 20. bxc5 Bxc5 21. Bb3 Rfd8
22. Bxc5 Qxc5 23. Qc2 Bc6 24. Ng3 Na4 25. Re3 g6 26. Nf3 Rd7 27. Ra1 Rc7 28. Kh2
Be8 29. Qd2 Rd7 30. Qc2 Rc7 31. Qd2 Qe7 32. Ne2 Rd8 33. Qa2 Nc5 34. Bc2 Bc6 35.
Ng3 Ne8 36. c4 b4 37. Qb2 Nd7 38. Nd2 Ng7 39. Nb3 Ne6 40. Ra5 Ra8 41. Qa2 Rcc8
42. Ne2 Nb6 43. Bd3 Ba4 44. Nec1 Rxa5 45. Nxa5 Ra8 46. Nab3 Bxb3 47. Qxb3 Ra3
48. Qb2 Nd4 49. Na2 b3 50. Nc3 Qb4 51. Re1 Na4 52. Nxa4 Rxa4 53. Ra1 Rxa1 54.
Qxa1 Qd2 55. Qf1 b2 56. Bb1 Qf4+ 57. g3 Nf3+ 58. Kg2 Qc1 0-1